000 00894nas a2200265 i 4500
001 1225
003 ES-MaACL
005 20250902010329.0
007 t|
008 950801i19241963sp | | 1 ||pa d
022 _a9953-3839
080 _a339
080 _a338.45
245 0 0 _aIndustria y comercio
_b: boletín de la Cámara Oficial del Comercio y de la Industria de Zaragoza y del Museo Comercial de Aragón.
260 _aZaragoza :
_bCámara Oficial del Comercio y de la Industria,
_c1924-1963.
300 _a6 v. ;
_c31 cm.
362 0 _a1924-1963.
650 1 7 _aComercio
_2embne
_911157
650 0 7 _aIndustria
_2embne
_913713
710 2 _aCamara Oficial de Comercio e Industria de Zaragoza
_92388
710 2 _aMuseo Comercial de Aragón
_9194138
852 _aES-MaACL
_jHem-589
866 0 _o(1941sólo n.2 y 4)1942-58(1959f.n.2)1960-63
999 _c1225
_d1225